000 00563nam a2200193Ia 4500
005 20260120124501.0
008 008 260114s9999 xx 000 0 eng d
020 _a9781787546363
037 _aEBOOK
040 _aCRL
_beng
_cCRL
041 _aeng
_2eng
084 _qCRL
245 0 _aDecentering the Researcher in Intimate Scholarship
260 _bEmerald Publishing
_c2018
700 _aKathryn Strom
_9906961
856 _uhttps://www.emerald.com/insight/publication/doi/10.1108/S1479-3687201831
942 _cEBOOK
999 _c1498646
_d1498646